Analýza nezamestnanosti vo vybranom regióne SR diplomová práca

Saved in:
Bibliographic Details
Main Author: Biľová, Janka
Corporate Author: Národohospodárska fakulta EU. Katedra sociálneho rozvoja a práce
Other Authors: Kováčová, Jaroslava
Format: Book
Language:Slovak
Published: Bratislava 2013
Tags: Add Tag
No Tags, Be the first to tag this record!

MARC

LEADER 00000nbm a2200000 4500
001 0169214
005 20161109102248.4
041 0 |a slo 
044 |a SK 
245 1 0 |a Analýza nezamestnanosti vo vybranom regióne SR  |b diplomová práca  |c Janka Biľová ; školiteľ: Jaroslava Kováčová 
264 1 |a Bratislava  |c 2013 
300 |a 81 s. 
100 1 |a Biľová, Janka 
700 1 |a Kováčová, Jaroslava 
710 2 |a Národohospodárska fakulta EU. Katedra sociálneho rozvoja a práce